Guess these Random Countries without any Clues (North America) - Statistics

General Stats
  • This quiz has been taken 12 times
  • The average score is 8 of 8
Answer Stats
Answer % Correct
Antigua and Barbuda
100%
Bahamas
100%
Barbados
100%
Belize
100%
Canada
100%
Cuba
100%
Dominica
100%
Dominican Republic
100%
El Salvador
100%
Grenada
100%
Guatemala
100%
Haiti
100%
Jamaica
100%
Mexico
100%
Nicaragua
100%
Panama
100%
Saint Kitts and Nevis
100%
Saint Lucia
100%
Saint Vincent and the Grenadines
100%
Trinidad and Tobago
100%
United States
100%
Costa Rica
83%
Honduras
67%
No matching quizzes found
Score Distribution
Percent of People with Each Score
Percentile by Number Answered
Your Score History
You have not taken this quiz